Omar Khayyam: una vida

Uloženo v:
Podrobná bibliografie
Hlavní autor: Lamb, Harold (Autor)
Médium: Kniha
Jazyk:angličtina
španělština
Vydáno: Buenos Aires, Argentina Editorial Sudamericana 1945
Vydání:Primera edición
Edice:Biografías
Témata:
Tagy: Přidat tag
Žádné tagy, Buďte první, kdo vytvoří štítek k tomuto záznamu!

MARC

LEADER 00000nam a22000007a 4500
003 CL-VaPUC
005 20240820130440.0
008 200110b ||||| |||| 00| 0 eng d
999 |c 376492  |d 376490 
040 |c Pontificia Universidad Católica de Valparaíso 
041 0 |a spa 
082 |a 925.51092 LAM 1945 
100 |a Lamb, Harold  |e author  |9 532104 
245 1 0 |a Omar Khayyam:  |b  una vida 
250 |a Primera edición 
260 3 |a Buenos Aires, Argentina  |b Editorial Sudamericana  |c 1945 
300 |a 371 p 
490 0 0 |a Biografías 
505 0 |a Parte primera. La calle de los libreros, en la antigua ciudad de Nisapur. Parte segunda. La casa del espejo de la sabiduría, en el camino del desierto salado. Parte tercera. El campamento de Malikshah en las ruinas de Babilonia, cerca de las rápidas aguas del Eufrates. Parte cuarta. La columna de venta en el callejón de los vendedores de esclavos dentro del bazar de Nisapur. Parte quinta. Las calles de Isfahan, al final de la ruta del sur. 
583 |c 20200110  |k Daniel Castañeda 
600 0 |a Khayyám, Omar  |d 1048-1131  |9 605704 
650 0 0 |a NOVELA PERSA  |9 605705 
650 0 0 |a MATEMATICO  |9 605706 
650 0 0 |a Astrónomos   |9 315479 
942 |2 ddc  |c BK 
952 |0 0  |1 0  |2 ddc  |4 0  |6 925_510920000000000_LAM_1945  |7 0  |8 A  |9 495952  |a BIBGIM  |b BIBGIM  |d 2020-01-10  |i 5614511  |o 925.51092 LAM 1945  |p 5614511  |r 2025-01-15  |t 1  |w 2020-01-10  |y BK  |k ORI